MARC details
| 000 -LÍDER |
| campo de controle de tamanho fixo |
01399nam a2200325Ia 4500 |
| 001 - NÚMERO DE CONTROLE |
| campo de controle |
403 |
| 003 - IDENTIFICADOR DO NÚMERO DE CONTROLE |
| campo de controle |
OSt |
| 005 - DATA E HORÁRIO DA ÚLTIMA TRANSAÇÃO |
| campo de controle |
20250528074019.0 |
| 008 - CAMPO DE DADOS FIXOS--INFORMAÇÃO GERAL |
| campo de controle de tamanho fixo |
250415b ||||| |||| 00| 1 por d |
| 020 ## - ISBN - INTERNATIONAL STANDARD BOOK NUMBER |
| ISBN - International Standard Book Number |
9788576839422 |
| 040 ## - FONTE DA CATALOGAÇÃO |
| Idioma da catalogação |
por |
| 041 ## - CÓDIGO DE IDIOMA |
| Código do idioma do texto/trilha sonora ou título diferente |
por |
| 082 ## - CDD - CLASSIFICAÇÃO DECIMAL DE DEWEY |
| Número de Classificação |
028.5 |
| Número do exemplar |
K64d |
| 100 1# - ENTRADA PRINCIPAL--NOME PESSOAL |
| Nome pessoal |
Kinney, Jeff, |
| Datas associadas ao nome |
1971- |
| 9 (RLIN) |
597 |
| 240 ## - TÍTULO UNIFORME |
| Título uniforme |
Diary of a Wimpy Kid: Old School |
| 245 ## - TÍTULO |
| Título |
Diário de um banana |
| Restante do título |
: Bons Tempos |
| Indicação de responsabilidade, etc. |
/ Kinney, Jeff ; tradução Alexandre Boide |
| 260 ## - PUBLICAÇÃO, DISTRIBUIÇÃO, ETC. |
| Local de publicação, distribuição, etc. |
São Paulo |
| Nome do editor, distribuidor, etc. |
Vergara & Riba |
| Data da publicação, distribuição, etc. |
2020. |
| 300 ## - DESCRIÇÃO FÍSICA |
| Extensão |
217 p. |
| Outros detalhes físicos |
il. |
| 520 ## - NOTA DE RESUMO, ETC. |
| Resumo, etc. |
A vida era melhor antigamente. Bem, pelo menos é o que dizem.<br/><br/>Mas Greg Heffley, um garoto bastante acostumado ao conforto do mundo moderno, não concorda muito com isso.<br/><br/>E uma decisão polêmica vai colocar o seu paraíso tecnológico em curto-circuito: todos em sua cidade resolvem dar um tempo dos aparelhos eletrônicos.<br/><br/>Dentro e fora de casa, Greg terá que enfrentar o dia a dia à moda antiga. Será que ele vai conseguir sobreviver do mesmo jeitinho que se fazia nos “bons e velhos tempos”? |
| 650 #0 - ASSUNTO--TERMO TÓPICO |
| Cabeçalho tópico ou nome geográfico |
Literatura Americana |
| 9 (RLIN) |
84 |
| 650 #0 - ASSUNTO--TERMO TÓPICO |
| Cabeçalho tópico ou nome geográfico |
Infantojuvenil |
| 9 (RLIN) |
200 |
| 650 #0 - ASSUNTO--TERMO TÓPICO |
| Cabeçalho tópico ou nome geográfico |
Diário |
| 9 (RLIN) |
599 |
| 650 #0 - ASSUNTO--TERMO TÓPICO |
| Cabeçalho tópico ou nome geográfico |
Amizade |
| 9 (RLIN) |
556 |
| 650 #0 - ASSUNTO--TERMO TÓPICO |
| Cabeçalho tópico ou nome geográfico |
Vida escolar |
| 9 (RLIN) |
600 |
| 655 #0 - TERMO DE ÍNDICE--GÊNERO E FORMA |
| Gênero/forma/ou termo foco |
Romance |
| 655 #0 - TERMO DE ÍNDICE--GÊNERO E FORMA |
| Gênero/forma/ou termo foco |
Ficção |
| 700 ## - ENTRADA ADICIONADA - NOME PESSOAL |
| Nome pessoal |
Alexandre Boiade |
| Títulos e outras palavras associadas a um nome |
TRADUTOR |
| 9 (RLIN) |
870 |
| 830 ## - ENTRADA SECUNDÁRIA DE SÉRIE--TÍTULO UNIFORME |
| Título uniforme |
Diário de um banana |
| 9 (RLIN) |
598 |
| Número do volume ou designação sequencial da série |
v.10 |
| 942 ## - ELEMENTOS DE ENTRADA ADICIONADOS (KOHA) |
| Fonte de classificação ou esquema de arquivamento |
Classificação decimal de Dewey |
| Tipo de material Koha |
Livros |